<The> Economics and management of inventories proceedings of the 1. International symposium on inventories, Budapest, September 1-5, 1980

Uložené v:
Podrobná bibliografia
Médium: Kniha
Jazyk:English
Vydavateľské údaje: Budapest Akadémiai Kiadó 1981
Tagy: Pridať tag
Žiadne tagy, Buďte prvý, kto otaguje tento záznam!

MARC

LEADER 00000nam a2200000 4500
001 c138564
005 20041019155313.4
041 0 |a eng 
044 |a HU 
245 1 0 |a <The> Economics and management of inventories  |b proceedings of the 1. International symposium on inventories, Budapest, September 1-5, 1980 
264 1 |a Budapest  |b Akadémiai Kiadó  |c 1981 
300 |a 361 s.